000 00337nam a22001457a 4500
020 _a9780071285308
050 _aBF713
_b.C73 2009
100 _aCrandell, Thomas L.
245 _aHuman Development/
250 _a9th Edition
260 _aBoston
_bMcGraw Hill
_c2009
300 _axx, 651p.
650 _bHuman Development
942 _cGEN
999 _c3530
_d3530